000 00397 a2200145 4500
999 _c326360
_d326360
001 91287
003 NUST
082 _a390.095491 MIT
100 _aKarin Mittmann & Zafar Ihsan
_99914
245 _aCulture Shock Pakistan : a guide to customs and etiquette
_nEnglish
250 _a238p
260 _aSingapore
_bKuperard
_c2004
300 _a239p
_bPb
500 _aGeneral Books
942 _aCAE NUST
_cBK
_k390.095491 MIT
_2ddc